Największe miasta obu Ameryk. - Statystyki

Ogólne statystyki
  • Ten quiz został rozwiązany 64 razy
  • Średni wynik to 8 z 10
Statystyki odpowiedzi
Ludność Miasto % Poprawnych
8,5 mln Nowy Jork
96%
8,9 mln Meksyk
93%
3,9 mln Los Angeles
89%
3 mln Buenos Aires
88%
6,4 mln Rio de Janeiro
82%
12 mln Sao Paulo
82%
7,8 mln Bogota
68%
8,8 mln Lima
59%
5,5 mln Santiago
59%
3,2 mln Caracas
45%
Nie znaleziono quizów pasujących do podanych kryteriów
Rozkład punktacji
Procent ludzi z każdym wynikiem
Percentyl według liczby udzielonych odpowiedzi
Twoja historia wyników
Nie rozwiązałeś tego quizu